250 Superhero movies - Statistics

General Stats
  • This quiz has been taken 227 times
  • The average score is 75 of 250
Answer Stats
Year Answer Actor Country % Correct
2002 Spider-Man Willem Dafoe
93%
2012 The Amazing Spider-Man Emma Stone
93%
1989 Batman Michael Keaton
92%
1966 Batman Burt Ward
92%
1995 Batman Forever Val Kilmer
92%
2008 Iron Man Robert Downey, Jr.
90%
1990 Captain America Matt Salinger
88%
2012 The Avengers Tom Hiddleston
88%
2011 Captain America: The First Avenger Hayley Atwell
87%
2011 Thor Chris Hemsworth
87%
2010 Super Rainn Wilson
84%
2008 The Dark Knight Heath Ledger
84%
2004 Spider-Man 2 Kristen Dunst
83%
1978 Superman Christopher Reeve
83%
2019 Avengers: Endgame Robert Downey, Jr.
82%
2010 Iron Man 2 Mickey Rourke
82%
2013 Iron Man 3 Guy Pearce
82%
2007 Spider-Man 3 Tobey Maguire
82%
2000 X-Men Anna Paquin
82%
2015 Ant-Man Paul Rudd
81%
2018 Black Panther Chadwick Boseman
81%
2021 Black Widow Scarlett Johansson
79%
2016 Doctor Strange Benedict Cumberbatch
79%
2018 Venom Tom Hardy
79%
2017 Wonder Woman Chris Pine
79%
2018 Avengers: Infinity War Chris Hemsworth
78%
2016 Deadpool T.J. Miller
78%
2014 Guardians of the Galaxy Bradley Cooper
78%
2003 Hulk Eric Bana
78%
2012 The Dark Knight Rises Anne Hathaway
78%
2008 The Incredible Hulk Edward Norton
78%
2013 The Wolverine Hugh Jackman
78%
2017 The Guardians Anton Pampushnyy Russia
77%
2018 Ant-Man and the Wasp Evangeline Lily
76%
2018 Aquaman Jason Momoa
76%
2015 Avengers: Age of Ultron James Spader
76%
1994 The Fantastic Four Jay Underwood
76%
2005 Batman Begins Christian Bale
74%
2016 Captain America: Civil War Chris Evans
74%
2015 Fantastic Four Kate Mara
74%
2005 Fantastic Four Michael Chiklis
74%
2019 Spider-Man: Far From Home Jake Gyllenhaal
74%
2017 Logan Hugh Jackman
73%
2017 Spider-Man: Homecoming Marisa Tomei
73%
1997 Batman & Robin George Clooney
72%
2018 Deadpool 2 Ryan Reynolds
71%
2021 The Suicide Squad Idris Elba
71%
2017 Thor: Ragnarok Tess Thompson
71%
2013 Thor: The Dark World Chris Hemsworth
71%
2021 Eternals Angelina Jolie
70%
1992 Batman Returns Danny DeVito
68%
1998 Blade Wesley Snipes
68%
2019 Captain Marvel Brie Larson
68%
2003 Daredevil Ben Affleck
68%
2017 Justice League Ezra Miller
68%
2013 Man of Steel Henry Cavill
68%
2021 Spider-Man: No Way Home Tom Holland
68%
2016 Suicide Squad Will Smith
68%
2014 Captain America: The Winter Soldier Sebastian Stan
65%
2007 Ghost Rider Nicholas Cage
65%
2011 Green Lantern Ryan Reynolds
65%
2014 The Amazing Spider-Man 2 Andrew Garfield
65%
2011 X-Men: First Class Kevin Bacon
63%
2017 Guardians of the Galaxy Vol. 2 Kurt Russell
60%
2014 X-Men: Days of Future Past Patrick Stewart
60%
2004 Catwoman Halle Berry
59%
2005 Elektra Jennifer Garner
57%
2016 X-Men: Apocalypse Michael Fassbender
57%
2020 Wonder Woman 1984 Gal Gadot
54%
2010 Kick-Ass Aaron Taylor-Johnson
51%
2009 X-Men Origins: Wolverine Hugh Jackman
51%
2006 X-Men: The Last Stand Halle Berry
51%
1983 Superman 3 Richard Pryor
50%
2019 X-Men: Dark Phoenix Sophie Turner
49%
2004 The Punisher Thomas Jane
48%
1989 The Punisher Dolph Lundgren
48%
2021 Venom: Let There Be Carnage Tom Hardy
47%
2004 Blade: Trinity Jessica Biel
46%
2013 Kick-Ass 2 Chloe Grace-Moretz
46%
1994 The Mask Cameron Diaz
46%
2007 Fantastic Four: Rise of the Silver Surfer Jessica Alba
45%
2018 Spider-Man: Into the Spiderverse Shameik Moore
45%
2019 Hellboy David Harbour
44%
2004 Hellboy Ron Perlman
44%
2019 Shazam! John Krasinski
44%
2006 Superman Returns Kate Bosworth
44%
2021 Shang-Chi and the Legend of the Ten Rings Awkwafina
43%
2004 The Incredibles Holly Hunter
43%
2008 Hancock Will Smith
40%
1980 Superman II Gene Hackman
39%
2009 Watchmen Jackie Earle Haley
38%
1984 Supergirl Helen Slater
37%
2020 The New Mutants Maisie Williams
35%
2000 Unbreakable Bruce Willis
34%
2020 Birds of Prey Ewan McGregor
33%
2014 The Lego Movie Elizabeth Banks
33%
2011 Ghost Rider: Spirit of Vengeance Nicholas Cage
32%
2018 Incredibles 2 Craig T. Nelson
32%
2016 Split James McAvoy
32%
2002 Blade II Kris Kristofferson
31%
1995 Judge Dredd Sylvester Stallone
31%
1994 The Crow Brandon Lee
31%
1978 Dr. Strange Jessica Walker
30%
2005 Constantine Keanu Reeves
28%
1986 Howard the Duck Lea Thompson
28%
2011 The Green Hornet Seth Rogen
28%
2014 Big Hero 6 T.J. Miller
26%
2019 Glass Samuel L. Jackson
26%
2003 X2: X-Men United Patrick Stewart
25%
2012 Dredd Karl Urban
24%
2014 Robocop Joel Kinnaman
24%
1987 Robocop Peter Weller
24%
2008 Punisher: War Zone Julie Benz
23%
1987 Superman IV: The Quest for Peace Christopher Reeve
22%
2017 The Lego Batman Movie Will Arnett
22%
1993 Batman: Mask of the Phantasm Kevin Conroy
21%
2005 V for Vendetta Hugo Weaving
21%
1997 Steel Shaquille O'Neal
20%
2003 The League of Extraordinary Gentlemen Sean Connery
19%
2020 Sonic the Hedgehog Jim Carrey
18%
2010 Jonah Hex Josh Brolin
17%
1999 Mystery Men Ben Stiller
17%
1997 Spawn Michael Jai White
16%
1990 Darkman Liam Neeson
15%
2008 Jumper Hayden Christensen
15%
2017 Power Rangers Bryan Cranston
14%
1990 Robocop 2 Nancy Allen
14%
1982 Swamp Thing Adrienne Barbeau
14%
1996 The Phantom Billy Zane
14%
1980 Flash Gordon Sam Jones
13%
2008 Hellboy II: The Golden Army Ron Perlman
13%
2010 Megamind Will Ferrell
13%
2005 Sky High Kurt Russell
12%
2005 Son of the Mask Jamie Kennedy
12%
2013 Chronicle Michael B. Jordan
10%
2005 Man-Thing Alex O'Laughlin
10%
2006 My Super Ex-Girlfriend Luke Wilson
10%
1993 Robocop 3 CCH Pounder
10%
2008 Superhero Movie Leslie Nielsen
10%
2008 Wanted James McAvoy
10%
2016 Batman: The Killing Joke Mark Hamill
9%
2008 The Spirit Gabriel Macht
9%
2019 Brightburn Elizabeth Banks
8%
1994 The Shadow Alec Baldwin
8%
2018 Teen Titans GO! to the Movies Greg Cipes
7%
2001 The One Jet Li
7%
1989 The Return of Swamp Thing Heather Locklear
7%
2006 Ultraviolet Milla Jovovich
7%
2007 Underdog Peter Dinklage
7%
2020 Bloodshot Vin Diesel
6%
2003 Bulletproof Monk Sean William Scott
6%
2021 Snake Eyes Henry Golding
6%
1991 The Rocketeer Bily Campbell
6%
2006 Zoom Tim Allen
6%
2021 Injustice Anson Mount
5%
2013 R.I.P.D. Jeff Bridges
5%
2010 The Last Airbender Noah Ringer
5%
1984 The Toxic Avenger Andree Maranda
5%
2021 Thunder Force Melissa McCarthy
5%
2017 Batman and Harley Quinn Melissa Rauch
4%
2018 Batman: Gotham by Gaslight Bruce Greenwood
4%
2018 Batman: Ninja Koichi: Yamadera
4%
1997 Hercules Tate Donovan
4%
2015 Lucy Morgan Freeman
4%
2020 Project Power Jamie Foxx
4%
2009 Push Chris Evans
4%
1993 The Meteor Man Robert Townsend
4%
2020 The Old Guard Charlize Theron
4%
2019 Alita: Battle Angel Christoph Waltz
3%
1994 Blankman Damon Wayans
3%
1996 The Crow: City of Angels Mia Kirshner
3%
2018 The Darkest Minds Mandy Moore
3%
2015 The Invisible Boy Ludovico Girardello Italy
3%
2009 Astro Boy Freddie Highmore
2%
2016 Batman: Return of the Caped Crusaders Adam West
2%
2021 Batman: The Long Halloween Josh Duhamel
2%
1981 Condorman Michael Crawford
2%
2020 How I Became a Super Hero Pio Marmai France
2%
2006 Krrish Hrithik Roshan India
2%
2016 Max Steel Maria Bello
2%
1996 Mighty Morphin' Power Rangers: The Movie Karan Ashley
2%
2020 Mortal Nat Wolff Norway
2%
2011 Ra.one Shah Rukh Khan India
2%
2002 The Powerpuff Girls Movie Tara Strong
2%
1997 Turbo: A Power Rangers Movie Jason David Frank
2%
2016 A Flying Jatt Tiger Shroff India
1%
2007 Big Man Japan Hitoshi Matsumoto Japan
1%
2009 Black Lightning Grigoriy Dobrygin Russia
1%
1995 Black Scorpion Ashley Peldon
1%
2009 Defendor Woody Harrelson
1%
1992 Doctor Mordrid Jeffrey Combs
1%
2009 Dragonball Evolution Chow Yun Fat
1%
2007 Epic Movie Kal Penn
1%
2018 Fast Color David Straithairn
1%
2000 Faust Mark Frost
1%
2020 Freaks: You're One of Us Cornelia Groeschel Germany
1%
2010 Griff: The Invisible Ryan Kwanten Australia
1%
2017 iBoy Maisie Williams
1%
2019 Justice League vs. the Fatal Five Kevin Conroy
1%
2013 Krrish 3 Hrithik Roshan India
1%
2021 Major Grom: Plague Doctor Tikhon Zhisnevskiy Russia
1%
2021 Minnal Murali Tovino Thomas India
1%
2019 Reign of the Supermen Jerry O'Connell
1%
2020 Secret Society of Second Born Royals Peyton Elizabeth Lee
1%
1980 Super Fuzz Ernest Borgnine
1%
2018 Superlopez Dani Rovira Spain
1%
2000 The Crow: Salvation Kirsten Dunst
1%
2005 The Crow: Wicked Prayer David Boreanaz
1%
1991 The Guyver Vivian Wu Japan
1%
2019 The Lego Movie: The Second Part Chris Pratt
1%
1980 The Pumaman Donald Pleasance Italy
1%
2015 They Call Me Jeeg Claudio Santamaria Italy
1%
2015 Turbo Kid Michael Ironside
1%
2020 We Can Be Heroes Priyanka Chopra
1%
2004 Zebraman Sho Aikawa Japan
1%
2021 Batman: Soul of the Dragon Mark Dacascos
0%
2018 Bhavesh Joshi-Superhero Harshvardhan Kapoor India
0%
1996 Black Mask Jet Li
0%
1997 Black Scorpion 2: Aftershock Joan Severance
0%
1979 Captain America II: Death Too Soon Connie Sellecca
0%
2000 Citizen Toxic: The Toxic Avenger IV David Mattey
0%
2018 Constantine: City of Demons Matt Ryan
0%
1995 Darkman II: The Return of Durant Larry Drake
0%
1993 Dragon Ball Z: Bojack Unbound Masako Nozawa Japan
0%
1993 Dragon Ball Z: Broly - The Legendary Super Saitan Ben Shimada Japan
0%
1991 Dragonball Z: Lord Slug Toshiro Fukuwara Japan
0%
2019 Enes Batur 2 Enes Batur Turkey
0%
2019 Gundala Abimana Aryasatya Indonesia
0%
1994 Guyver: Dark Hero David Hayter Japan
0%
1980 Hero at Large John Ritter
0%
1993 Iron Monkey Donnie Yen China
0%
2021 Justice Society: World War II Stana Katic
0%
1978 KISS Meets the Phantom of the Park Ace Frehley
0%
2000 Knights of Justice Lorin Taylor
0%
2006 Lightspeed Jason Connery
0%
2007 Mirageman Marko Zaror Chile
0%
2019 My Hero Academia: Heroes Rising Daiki Yamashita Japan
0%
2018 My Hero Academia: Two Heroes Kenta Miyake Japan
0%
1966 Rat Pfink and Boo Boo Ron Haydock
0%
1990 Sgt. Kabukiman Rick Gianasi Japan
0%
2016 Sleight Jacob Latimore
0%
2013 Sparks Chase Williamson
0%
1962 The Prince of Space Tetsuo Umemiya Japan
0%
1989 The Toxic Avenger Part II Ron Fazio
0%
1989 The Toxic Avenger Part III: The Last Temptation of Toxie Phoebe Legere
0%
2018 The VelociPastor Greg Cohan
0%
1966 The Wild World of Batwoman Katherine Victor
0%
2021 Ulysses & Flora Alyson Hannigan
0%
2019 Wonder Woman: Bloodlines Rosario Dawson
0%
2018 Yeom-lyeok Seung-ryong Ryu Korean
0%
No matching quizzes found
Score Distribution
Percent of People with Each Score
Percentile by Number Answered
Your Score History
You have not taken this quiz